000 00591nam a22001697a 4500
005 20251108172759.0
008 250721s1994 xx 000 0 ara d
082 1 4 _a363.1/مدك
100 1 _aمدكور، فوزي شعبان
245 1 0 _aإدارة الصيانة و الأمن الصناعي - دراسات بكالوريوس التجارة ........................ /
264 1 _aالقاهرة :
_bدار الكتب المصرية،
_c1994.
300 _a213 ص
650 1 7 _aالامن الصناعي
650 1 7 _aاصابات العمل
942 _2ddc
_cBK
999 _c88338
_d88338